Detalles MARC
| 000 -LIDER |
| fixed length control field |
01079nam a22003257a 4500 |
| 001 - NÚMERO DE CONTROL |
| Identificador de número de control |
000666 |
| 003 - IDENTIFICACDOR DE NÚMERO DE CONTROL |
| control field |
DO-SdBNP |
| 005 - DATE AND TIME OF LATEST TRANSACTION |
| control field |
20180207130722.0 |
| 007 - CAMPOS FIJOS DE DESCRIPCIÓN FÍSICA |
| fixed length control field |
000666 |
| 008 - ELEMENTOS DE LONGITUD FIJA |
| fixed length control field |
161109b 2002 sp a ||||| |||| 00| 0 spa d |
| 020 ## - ISBN |
| International Standard Book Number |
8420449431 |
| 040 ## - FUENTE DE CATALOGACIÓN |
| Agencia que crea de manera original el registro |
BPMSU |
| Idioma de catalogación |
spa |
| Agencia que realiza la transcripción |
BPMSU |
| 082 ## - NÚMERO DE CLASIFICACIÓN DECIMAL DE DEWEY |
| Classification number |
xxxx |
| Item number |
xxxx |
| 100 1# - ASIENTO PRINCIPAL -- NOMBRE PERSONAL |
| Nombre personal |
Woodruff, Elvira, |
| Fechas asociadas con el nombre |
1951- |
| 240 10 - TITULO UNIFORME |
| Título uniforme |
The magnificent mummy maker. |
| Idioma de una obra |
Español |
| 245 10 - MENCIÓN DE TITULO |
| Título |
La momia / |
| Mención de responsabilidad |
Elvira Woodruff ; traducción de Frank Schleper ; ilustraciones, Joaquín Marín [Texto impreso] |
| 250 ## - MENCIÓN DE EDICION |
| Mención de edición |
1ª reimp. |
| 260 ## - PUBLICACIÓN, DISTRIBUCIÓN, ETC. (PIE DE IMPRENTA) |
| Lugar de publicación, distribución, etc |
Madrid : |
| Nombre del editor, distribuidor, etc. |
Alfaguara, |
| Fecha de publicación, distribución, etc |
2002 |
| 300 ## - DESCRIPCIÓN FÍSICA |
| Extensión |
135 p. : |
| Otros detalles físicos |
il. ; |
| Dimensiones |
20 cm. |
| 490 1# - MENCIÓN DE SERIES |
| Mención de serie |
Alfaguara infantil |
| 500 ## - NOTA GENERAL |
| Nota general |
Traducción de: The magnificent mummy maker |
| 500 ## - NOTA GENERAL |
| Nota general |
Para niños a partir de los 10 años. |
| 500 ## - NOTA GENERAL |
| Nota general |
Primera reimpresión: febrero 2002 |
| 700 1# - ASIENTO SECUNDARIO -- NOMBRE PERSONAL |
| Nombre personal |
Marín, Joaquín (Marín Márquez), |
| Mención de responsabilidad |
il. |
| 700 1# - ASIENTO SECUNDARIO -- NOMBRE PERSONAL |
| Nombre personal |
Schleper, Frank, |
| Mención de responsabilidad |
tr. |
| 830 0# - ASIENTO SECUNDARIO DE SERIE--TÍTULO UNIFORME |
| Título uniforme |
Alfaguara infantil |
| 942 ## - ADDED ENTRY ELEMENTS (KOHA) |
| Source of classification or shelving scheme |
Dewey Decimal Classification |
| Koha item type |
Libros |
| 945 ## - INFORMACIÓN DE PROCESAMIENTO LOCAL |
| Información de procesamiento local |
inventariado, 2018 / dg |
| 956 ## - LOCAL ELECTRONIC LOCATION AND ACCESS (OCLC) |
| Método de acceso |
LOPEREZ |
| Materiales especificados |
10 |
| Enlace |
20161109 |
| Campo enlazado y núm. de secuencia |
BPMSU |
| Nombre de host |
00041 |